Normal view MARC view
  • Belletti Francesco, Esposito Gennaro, Testa Beatrice (a cura di)

Entry Personal Name

Number of records used in: 1

001 - CONTROL NUMBER

  • control field: 62579

003 - CONTROL NUMBER IDENTIFIER

  • control field:

005 - DATE AND TIME OF LATEST TRANSACTION

  • control field: 20250905130831.0

008 - FIXED-LENGTH DATA ELEMENTS

  • fixed length control field: 250905|| aca||aabn | a|a d

040 ## - CATALOGING SOURCE

  • Original cataloging agency:
  • Transcribing agency:

100 ## - HEADING--PERSONAL NAME

  • Personal name: Belletti Francesco, Esposito Gennaro, Testa Beatrice (a cura di)

670 ## - SOURCE DATA FOUND

  • Source citation: Work cat.: ()214396: Belletti Francesco, Esposito Gennaro, Testa Beatrice (a cura di), Itinerari dei preadolescenti., 1993
CREDITS: SOCIETA' SAN PAOLO Via A.Severo, 58 - ROMA (RM) & PERIODICI SAN PAOLO SRL Via Giotto, 36 MILANO & CISF Via Giotto, 36 MILANO & EDIZIONI SAN PAOLO SRL,  Piazza Soncino, 5 CINISELLO BALSAMO (MI) -- ITALY